Statistics for NBA questions

Click here to take the quiz!

General Stats

  • This quiz has been taken 58 times
  • The average score is 10 of 15

Answer Stats

QuestionAnswer% Correct
who holds the record for most points in a gameWilt Chamberlain
100%
who has the most championships?Celtics
98%
which two players are the G.O.A.TsMichael Jordan/Lebron James
95%
who has won the most championships?Bill Russell
93%
who is the cover of the NBA logoJerry West
90%
who is averaging the most ppgJames Harden
88%
when was the NBA founded1946
70%
which team has the longest playoff droughtKings
68%
which NBA team is newest to the leaguePelicans
68%
who holds the record for most threes in a gameKlay Thompson
63%
who is a host of the greatest NBA podcastKOT4Q
63%
who holds the record for most steals in a gameLarry Kenon/Kendall Gill
50%
who is the overpaid player that wrote a letter to his team apologizing to them for injuries causing him to be overpaidChandler Parsons
43%
who was the youngest player to score 50Brandon Jennings
35%
Who was drafted 3rd in the 2013 NBA draftOtto Porter
28%

Score Distribution

Percentile by Number Answered

Percent of People with Each Score

Your Score History

You have not taken this quiz